[Event "Ideal Clave op"]
[Site "Barcelona"]
[Date "1997.09.27"]
[Round "1"]
[White "Palmer Ramon, Enric"]
[Black "Ponce Lopez, Sergio"]
[Result "1-0"]
[WhiteElo "1930"]
[BlackElo "1740"]
[PlyCount "81"]
[EventDate "1997.09.??"]
[EventType "swiss"]
[EventRounds "9"]
[EventCountry "ESP"]
[SourceTitle "EXT 2003"]
[Source "ChessBase"]
[SourceDate "2002.11.25"]
[SourceVersion "1"]
[SourceVersionDate "2002.11.25"]
[SourceQuality "1"]

1. c4 e6 2. Nc3 f5 3. Nf3 Nf6 4. d4 d5 5. cxd5 exd5 6. Bg5 c6 7. e3 Be7 8. Bd3 0-0 9. 0-0 Ne4 10. Bxe7 Qxe7 11. Ne5 Nd7 12. f4 Nxe5 13. dxe5 Bd7 14. Qc2 Kh8 15. Rad1 g5 16. Bxe4 fxe4 17. Ne2 Bg4 18. Rde1 Rf7 19. h3 Bxe2 20. Qxe2 Raf8 21. Qg4 gxf4 22. exf4 Rf5 23. Kh2 Qf7 24. g3 c5 25. Qe2 Qc7 26. b3 b5 27. Rd1 Qc6 28. Rfe1 R5f7 29. Qe3 c4 30. bxc4 bxc4 31. Qd4 Rc7 32. e6+ Kg8 33. Qxd5 Qxd5 34. Rxd5 Re8 35. Rxe4 c3 36. Rd1 c2 37. Rc1 Rd8 38. Re2 Rd1 39. Rcxc2 Rxc2 40. Rxc2 Re1 41. f5 1-0